[Event "American op 57th"]
[Site "Orange"]
[Date "2022.11.25"]
[Round "5"]
[White "Torre, Eugenio"]
[Black "Pullela, Sricharan"]
[Result "1/2-1/2"]
[WhiteElo "2437"]
[BlackElo "1916"]
[PlyCount "80"]
[EventDate "2022.11.22"]
[EventType "swiss"]
[EventRounds "9"]
[EventCountry "USA"]
[SourceTitle "EXT 2024"]
[Source "ChessBase"]
[SourceDate "2023.10.10"]
[SourceVersion "1"]
[SourceVersionDate "2023.10.10"]
[SourceQuality "1"]

1. d4 Nf6 2. Nf3 c5 3. d5 d6 4. Nc3 a6 5. a4 g6 6. e4 Bg7 7. Be2 Nbd7 8. 0-0 0-0 9. Bf4 Rb8 10. Nd2 Ne8 11. a5 Ne5 12. Be3 f5 13. f4 Nd7 14. exf5 gxf5 15. Nc4 Ndf6 16. Kh1 e6 17. Bf3 Kh8 18. Re1 exd5 19. Nxd5 Be6 20. Bf2 Bxd5 21. Bxd5 Nc7 22. Bf3 d5 23. Nb6 Ne4 24. Bxe4 fxe4 25. Bxc5 Rxf4 26. Bd4 Qg8 27. Nd7 Rd8 28. Nc5 Bxd4 29. Qxd4+ Qg7 30. Qxg7+ Kxg7 31. Rf1 Rdf8 32. Kg1 e3 33. b3 Rf2 34. Rac1 Rd2 35. b4 Rxf1+ 36. Kxf1 Rf2+ 37. Kg1 Rd2 38. Nxb7 Nb5 39. Nc5 Nc3 40. Kf1 Rd1+ 1/2-1/2

[Event "Asian Continental op 18th"]
[Site "Xingtai"]
[Date "2019.06.13"]
[Round "7"]
[White "Torre, Eugenio"]
[Black "Chu, Wei Chao"]
[Result "1/2-1/2"]
[WhiteElo "2451"]
[BlackElo "2374"]
[PlyCount "82"]
[EventDate "2019.06.07"]
[EventType "swiss"]
[EventRounds "9"]
[EventCountry "CHN"]
[SourceTitle "CBM 190 Extra"]
[Source "ChessBase"]
[SourceDate "2019.07.15"]
[SourceVersion "1"]
[SourceVersionDate "2019.07.15"]
[SourceQuality "1"]

1. d4 d5 2. Nf3 Bf5 3. c4 e6 4. Nc3 c6 5. e3 Nd7 6. Bd3 Bxd3 7. Qxd3 Ngf6 8. 0-0 Be7 9. b3 0-0 10. Bb2 Qa5 11. Rfd1 Rfd8 12. a3 h6 13. Qf1 Qb6 14. b4 dxc4 15. Nd2 Nd5 16. Nxc4 Qc7 17. Ne4 N7b6 18. Rac1 Nxc4 19. Qxc4 a5 20. Nc5 axb4 21. axb4 Qb6 22. Bc3 Ra3 23. Be1 Nc7 24. Ra1 Rxa1 25. Rxa1 Bf6 26. Ne4 Be7 27. Nc5 Nb5 28. Qa2 Qc7 29. Nd3 Bd6 30. f4 Qe7 31. Qb3 Qf6 32. Bf2 Qf5 33. Nc5 Bxc5 34. bxc5 Qe4 35. h3 Kh7 36. Kh2 f5 37. Ra2 Qd5 38. Qxd5 exd5 39. g4 Kg6 40. Kg2 h5 41. g5 Kf7 1/2-1/2

[Event "Asia-ch Seniors 9th"]
[Site "Tagaytay City"]
[Date "2018.11.04"]
[Round "1"]
[White "Torre, Eugenio"]
[Black "Camer, Angelito"]
[Result "1-0"]
[WhiteElo "2449"]
[BlackElo "2060"]
[PlyCount "37"]
[EventDate "2018.11.04"]
[EventType "swiss"]
[EventRounds "9"]
[EventCountry "PHI"]
[SourceTitle "EXT 2021"]
[Source "ChessBase"]
[SourceDate "2020.10.23"]
[SourceVersion "1"]
[SourceVersionDate "2020.10.23"]
[SourceQuality "1"]

1. d4 d5 2. Bf4 c5 3. e3 Nc6 4. c3 Nf6 5. Nd2 Qb6 6. Qb3 c4 7. Qc2 Nh5 8. Bg5 h6 9. Bh4 g5 10. Be2 Ng7 11. Bg3 Bf5 12. e4 Bh7 13. h4 e6 14. hxg5 hxg5 15. Rxh7 Rxh7 16. exd5 Rh1 17. Nxc4 Rxg1+ 18. Kd2 Nxd4 19. Qa4+ 1-0

[Event "Barbera del Valles op 41st"]
[Site "Barbera del Valles"]
[Date "2018.07.10"]
[Round "7"]
[White "Anuj, Shrivatri"]
[Black "Torre, Eugenio"]
[Result "1/2-1/2"]
[WhiteElo "2094"]
[BlackElo "2460"]
[PlyCount "42"]
[EventDate "2018.07.04"]
[EventType "swiss"]
[EventRounds "9"]
[EventCountry "ESP"]
[SourceTitle "CBM 185 Extra"]
[Source "ChessBase"]
[SourceDate "2018.07.29"]
[SourceVersion "1"]
[SourceVersionDate "2018.07.29"]
[SourceQuality "1"]

1. d4 d6 2. e4 Nf6 3. Nc3 g6 4. Nf3 Bg7 5. Be3 c6 6. Qd2 Qa5 7. Bd3 0-0 8. Bh6 Bg4 9. Bxg7 Kxg7 10. 0-0-0 Bxf3 11. gxf3 e5 12. dxe5 dxe5 13. h4 Nh5 14. Kb1 Nd7 15. Qg5 Ndf6 16. Ne2 h6 17. Qe3 Qc7 18. Rdg1 Rfd8 19. Rh2 b5 20. Qc5 Nd7 21. Qe7 Rf8 1/2-1/2

[Event "Barbera del Valles op 41st"]
[Site "Barbera del Valles"]
[Date "2018.07.07"]
[Round "4"]
[White "Torre, Eugenio"]
[Black "Saurabh, Anand"]
[Result "1-0"]
[WhiteElo "2460"]
[BlackElo "2258"]
[PlyCount "123"]
[EventDate "2018.07.04"]
[EventType "swiss"]
[EventRounds "9"]
[EventCountry "ESP"]
[SourceTitle "CBM 185 Extra"]
[Source "ChessBase"]
[SourceDate "2018.07.29"]
[SourceVersion "1"]
[SourceVersionDate "2018.07.29"]
[SourceQuality "1"]

1. d4 Nf6 2. Nf3 e6 3. Bf4 c5 4. e3 d5 5. c3 Nc6 6. Nbd2 Bd6 7. Bg3 0-0 8. Bd3 b6 9. e4 Be7 10. e5 Nh5 11. a3 a5 12. Qe2 g6 13. 0-0 Bd7 14. Rfe1 f5 15. exf6 Nxg3 16. hxg3 Bxf6 17. Bb5 Re8 18. Bxc6 Bxc6 19. Ne5 Qd6 20. Ndf3 cxd4 21. cxd4 Bd7 22. Qe3 Rac8 23. Rac1 Rxc1 24. Rxc1 Rc8 25. Rxc8+ Bxc8 26. Qf4 Bxe5 27. Nxe5 Qe7 28. Ng4 a4 29. Qb8 Qd8 30. Ne5 Kf8 31. Qa7 Qe7 32. Qxa4 Qc7 33. Qd1 Kg7 34. Qd2 Ba6 35. g4 Qe7 36. g5 Qf8 37. g4 Bb5 38. Kg2 Qd6 39. Qf4 Qf8 40. Qc1 Qd8 41. Kg3 Qb8 42. Qf4 Qf8 43. Nf3 Qxf4+ 44. Kxf4 Be2 45. Ke3 Bb5 46. Kd2 Kf7 47. Kc3 Ke7 48. Kb4 Be2 49. Ne5 Kd6 50. a4 Kc7 51. a5 Kb7 52. Nd7 bxa5+ 53. Kxa5 Bxg4 54. Kb5 Kc7 55. Nf6 Bf5 56. Kc5 Bc2 57. Nxh7 Bd3 58. b4 Be4 59. f4 Bd3 60. Nf8 Bf5 61. b5 Kb7 62. b6 1-0

[Event "Platja d'Aro Legends blitz"]
[Site "Platja d'Aro"]
[Date "2018.06.30"]
[Round "9"]
[White "Torre, Eugenio"]
[Black "Vaisser, Anatoli"]
[Result "0-1"]
[WhiteElo "2460"]
[BlackElo "2502"]
[PlyCount "63"]
[EventDate "2018.06.29"]
[EventType "tourn (blitz)"]
[EventRounds "12"]
[EventCountry "ESP"]
[EventCategory "12"]
[SourceTitle "CBM 185 Extra"]
[Source "ChessBase"]
[SourceDate "2018.07.29"]
[SourceVersion "1"]
[SourceVersionDate "2018.07.29"]
[SourceQuality "1"]

1. d4 d5 2. Bg5 h6 3. Bh4 c5 4. e4 dxe4 5. d5 g5 6. Bg3 Bg7 7. Nc3 f5 8. Bxb8 Rxb8 9. h4 Nf6 10. hxg5 hxg5 11. Rxh8+ Bxh8 12. Nh3 Qb6 13. Qd2 g4 14. Nf4 g3 15. 0-0-0 gxf2 16. Bb5+ Bd7 17. Ne6 Bxb5 18. Nxb5 Kd7 19. Na3 Ng4 20. Nc4 Qb5 21. Qf4 Rc8 22. b3 e3 23. Qxf5 e2 24. Nd4+ Kd8 25. Nxe2 Ne3 26. Nxe3 Qxe2 27. Nc4 b5 28. d6 Bd4 29. dxe7+ Kxe7 30. Nd2 Rf8 31. Qg5+ Kd6 32. Nf1 0-1

[Event "Platja d'Aro Legends blitz"]
[Site "Platja d'Aro"]
[Date "2018.06.29"]
[Round "5"]
[White "Torre, Eugenio"]
[Black "Vaisser, Anatoli"]
[Result "1/2-1/2"]
[WhiteElo "2460"]
[BlackElo "2502"]
[PlyCount "134"]
[EventDate "2018.06.29"]
[EventType "tourn (blitz)"]
[EventRounds "12"]
[EventCountry "ESP"]
[EventCategory "12"]
[SourceTitle "CBM 185 Extra"]
[Source "ChessBase"]
[SourceDate "2018.07.29"]
[SourceVersion "1"]
[SourceVersionDate "2018.07.29"]
[SourceQuality "1"]

1. d4 e6 2. Bf4 d5 3. e3 Bd6 4. Bg3 Qe7 5. Nf3 Nd7 6. c4 c6 7. Nc3 Ngf6 8. Ne5 0-0 9. Bd3 dxc4 10. Nxc4 Bxg3 11. hxg3 h6 12. 0-0 e5 13. Bf5 exd4 14. Qxd4 Qc5 15. Qxc5 Nxc5 16. Bxc8 Raxc8 17. Rfd1 Rcd8 18. Kf1 g6 19. Ke2 Kg7 20. Na5 Rb8 21. b4 Ne6 22. Rd6 Rfd8 23. Rad1 Rxd6 24. Rxd6 Kf8 25. a3 Ke7 26. Rxc6 Kd7 27. Rc4 b5 28. Rh4 h5 29. Rh1 a6 30. Rd1+ Kc7 31. Nd5+ Nxd5 32. Rxd5 g5 33. Nb3 f6 34. Nc5 Nxc5 35. Rxc5+ Kd6 36. Kd3 Rh8 37. Rc1 h4 38. Rh1 Rg8 39. gxh4 gxh4 40. Rxh4 Rxg2 41. Ke2 Rg1 42. Rd4+ Ke5 43. Kf3 Ra1 44. Rd3 Ra2 45. Rc3 Kd5 46. Kg3 Ke5 47. f3 Kf5 48. e4+ Ke5 49. Rd3 Ra1 50. Kf2 Ra2+ 51. Ke3 Ra1 52. f4+ Ke6 53. f5+ Ke7 54. Kd4 Kd6 55. e5+ fxe5+ 56. Ke4+ Ke7 57. Kxe5 Re1+ 58. Kd5 Rf1 59. Ke4 Re1+ 60. Re3 Ra1 61. Kd5+ Kf7 62. Kc5 Rf1 63. Re5 Rf3 64. Re6 Rxa3 65. Rb6 a5 66. Kxb5 axb4 67. Kxb4 Rf3 1/2-1/2

[Event "Wch Seniors 65 27th"]
[Site "Acqui Terme"]
[Date "2017.11.17"]
[Round "10"]
[White "Van Riemsdijk, Herman Claudius"]
[Black "Torre, Eugenio"]
[Result "0-1"]
[WhiteElo "2284"]
[BlackElo "2465"]
[PlyCount "104"]
[EventDate "2017.11.07"]
[EventType "swiss"]
[EventRounds "11"]
[EventCountry "ITA"]
[SourceTitle "CBM 181 Extra"]
[Source "ChessBase"]
[SourceDate "2017.12.12"]
[SourceVersion "1"]
[SourceVersionDate "2017.12.12"]
[SourceQuality "1"]

1. e4 e5 2. Nf3 Nc6 3. Bb5 a6 4. Ba4 Nf6 5. 0-0 Nxe4 6. Re1 Nc5 7. Bxc6 dxc6 8. d4 Ne6 9. Nxe5 Be7 10. Be3 0-0 11. c4 f6 12. Nd3 Re8 13. Nc5 b6 14. Nb3 a5 15. a4 Bb4 16. Bd2 Bf8 17. Bc3 Ng5 18. N1d2 Bf5 19. Nf1 Rxe1 20. Bxe1 Qd7 21. Ne3 Bg6 22. Nc1 Rd8 23. Bc3 Ne4 24. Ne2 c5 25. d5 Bd6 26. Be1 Re8 27. f3 Ng5 28. Ra3 Be5 29. Qd2 Bh5 30. h4 Nxf3+ 31. gxf3 Bxf3 32. Ng3 Bd4 33. Kh2 Re5 34. Nef5 Rxf5 35. Nxf5 Qxf5 36. Bg3 h5 37. Bxc7 Qb1 38. Rxf3 Qg1+ 39. Kh3 Qg4+ 40. Kh2 Qg1+ 41. Kh3 Qg4+ 42. Kh2 Qxf3 43. Bg3 Qf1 44. Qg2 Qxc4 45. d6 Qe6 46. Qa8+ Kh7 47. Qf3 Kg6 48. b3 f5 49. Qd3 Kf6 50. Qd2 g6 51. Bf4 Qe4 52. Kg3 Ke6 0-1

[Event "Wch Seniors 65 27th"]
[Site "Acqui Terme"]
[Date "2017.11.07"]
[Round "1"]
[White "Torre, Eugenio"]
[Black "Wieringa, Helmer"]
[Result "1-0"]
[WhiteElo "2465"]
[BlackElo "1997"]
[PlyCount "73"]
[EventDate "2017.11.07"]
[EventType "swiss"]
[EventRounds "11"]
[EventCountry "ITA"]
[SourceTitle "CBM 181 Extra"]
[Source "ChessBase"]
[SourceDate "2017.12.12"]
[SourceVersion "1"]
[SourceVersionDate "2017.12.12"]
[SourceQuality "1"]

1. d4 Nf6 2. Nf3 g6 3. Nc3 d5 4. Bf4 Bg7 5. e3 0-0 6. Be2 c5 7. 0-0 cxd4 8. exd4 Nc6 9. Ne5 Qb6 10. Nxc6 Qxc6 11. a4 Be6 12. Bb5 Qc8 13. Re1 a6 14. Bf1 b6 15. Ra3 Qb7 16. Be5 Rfd8 17. Bd3 Ne8 18. h4 Nd6 19. h5 Bf5 20. hxg6 hxg6 21. Bxd6 Rxd6 22. Bxf5 gxf5 23. Ne2 Rh6 24. Nf4 e6 25. Rg3 Kh7 26. c3 Bh8 27. Rh3 Rxh3 28. Nxh3 Bf6 29. Nf4 Rh8 30. Re3 Kg8 31. Nh5 Rh6 32. Rh3 Bh8 33. Qd2 Rg6 34. Nf4 Rf6 35. Qe3 Bg7 36. Qg3 b5 37. Qg5 1-0

[Event "Asia-ch Seniors 65 8th"]
[Site "Auckland"]
[Date "2017.10.13"]
[Round "7"]
[White "McFarland, Malcolm"]
[Black "Torre, Eugenio"]
[Result "0-1"]
[WhiteElo "1750"]
[BlackElo "2456"]
[PlyCount "62"]
[EventDate "2017.10.09"]
[EventType "swiss"]
[EventRounds "9"]
[EventCountry "NZL"]
[SourceTitle "CBM 181 Extra"]
[Source "ChessBase"]
[SourceDate "2017.12.12"]
[SourceVersion "1"]
[SourceVersionDate "2017.12.12"]
[SourceQuality "1"]

1. d4 d6 2. Bf4 Nf6 3. e3 Nbd7 4. Nf3 Nh5 5. Bg5 h6 6. Bh4 g5 7. Bg3 Bg7 8. Nbd2 e6 9. c3 0-0 10. Qc2 f5 11. 0-0-0 Qe7 12. Bc4 a5 13. h3 Nxg3 14. fxg3 d5 15. Bd3 c5 16. g4 c4 17. Be2 b5 18. h4 fxg4 19. Nxg5 hxg5 20. hxg5 Qxg5 21. Qh7+ Kf7 22. Rh5 Qg6 23. Rf1+ Nf6 24. e4 Qxh7 25. Rxh7 Kg6 26. Rh4 dxe4 27. Bxg4 Bd7 28. Re1 Bh6 29. Reh1 Bg5 30. Bh5+ Nxh5 31. Rxh5 Bc6 0-1

[Event "Asian Indoor Games 5th"]
[Site "Ashkhabad"]
[Date "2017.09.24"]
[Round "7"]
[White "Ali, Muhammad Lutfi"]
[Black "Torre, Eugenio"]
[Result "0-1"]
[WhiteElo "2421"]
[BlackElo "2458"]
[PlyCount "110"]
[EventDate "2017.09.21"]
[EventType "swiss"]
[EventRounds "7"]
[EventCountry "TKM"]
[SourceTitle "CBM 180 Extra"]
[Source "ChessBase"]
[SourceDate "2017.10.06"]
[SourceVersion "1"]
[SourceVersionDate "2017.10.06"]
[SourceQuality "1"]

1. e4 e5 2. Nf3 Nc6 3. Bb5 a6 4. Ba4 Nf6 5. 0-0 Be7 6. Re1 b5 7. Bb3 d6 8. c3 0-0 9. d4 Bg4 10. Be3 exd4 11. cxd4 d5 12. e5 Ne4 13. Nc3 Nxc3 14. bxc3 Na5 15. Bc2 Nc4 16. Qd3 g6 17. Bh6 Re8 18. h3 Be6 19. Nh2 Bg5 20. Bxg5 Qxg5 21. Re2 Na3 22. Qf3 Nxc2 23. Rxc2 c5 24. Ng4 Bxg4 25. hxg4 Rac8 26. Re2 b4 27. Rae1 bxc3 28. Qxc3 Qxg4 29. dxc5 Qc4 30. Qh3 Re6 31. Qe3 d4 32. Rc1 Qb5 33. Qe4 Rxc5 34. Rxc5 Qxc5 35. Qd3 Rxe5 36. Rxe5 Qxe5 37. Qxa6 Qe1+ 38. Qf1 Qc3 39. Qd1 Qc4 40. Qb1 h5 41. Qb8+ Kh7 42. Qb3 Qc1+ 43. Kh2 Kg7 44. Qd5 Qd2 45. Qe5+ Kh7 46. Qf6 Kg8 47. a4 d3 48. Qd8+ Kh7 49. a5 Qf4+ 50. Kg1 Qc4 51. Qd7 Kg7 52. g3 Qc1+ 53. Kg2 d2 54. Qd4+ Kh7 55. Qd5 d1Q 0-1

[Event "Reykjavik op"]
[Site "Reykjavik"]
[Date "2017.04.20"]
[Round "2"]
[White "Torre, Eugenio"]
[Black "Motycakova, Monika"]
[Result "1-0"]
[WhiteElo "2455"]
[BlackElo "2162"]
[PlyCount "81"]
[EventDate "2017.04.19"]
[EventType "swiss"]
[EventRounds "10"]
[EventCountry "ISL"]
[SourceTitle "CBM 178 Extra"]
[Source "ChessBase"]
[SourceDate "2017.06.22"]
[SourceVersion "1"]
[SourceVersionDate "2017.06.22"]
[SourceQuality "1"]

1. b3 e5 2. Bb2 Nc6 3. e3 Nf6 4. Bb5 e4 5. f3 exf3 6. Nxf3 Be7 7. 0-0 0-0 8. Nc3 d5 9. Bxc6 bxc6 10. Nd4 Bg4 11. Nxc6 Bxd1 12. Nxd8 Bxc2 13. Nc6 Bd8 14. Rac1 Bd3 15. Rf4 Re8 16. Rd4 Bf5 17. Nxd5 Nxd5 18. Rxd5 Be6 19. Rxd8 Raxd8 20. Nxd8 Rxd8 21. Bd4 a6 22. Rxc7 Rd6 23. Kf2 h6 24. d3 Bf5 25. Ke2 h5 26. Rc5 Be6 27. h3 Bd5 28. Be5 Rd7 29. e4 Bb7 30. Bc3 g6 31. g4 hxg4 32. hxg4 Kf8 33. Bf6 Ke8 34. g5 Kf8 35. Ke3 Ke8 36. d4 Rd6 37. d5 Kd7 38. b4 Ke8 39. Kd4 Rb6 40. a3 Kd7 41. Be5 1-0

[Event "Ho Chi Minh City HD Bank op 7th"]
[Site "Ho Chi Minh City"]
[Date "2017.03.16"]
[Round "8"]
[White "Torre, Eugenio"]
[Black "Zou, Chen"]
[Result "1-0"]
[WhiteElo "2481"]
[BlackElo "2338"]
[PlyCount "67"]
[EventDate "2017.03.12"]
[EventType "swiss"]
[EventRounds "9"]
[EventCountry "VIE"]
[SourceTitle "CBM 177 Extra"]
[Source "ChessBase"]
[SourceDate "2017.04.27"]
[SourceVersion "1"]
[SourceVersionDate "2017.04.27"]
[SourceQuality "1"]

1. d4 Nf6 2. Bg5 d5 3. e3 c5 4. c3 Nc6 5. Nf3 Bg4 6. Nbd2 e6 7. Qa4 Bxf3 8. Nxf3 Qb6 9. Rb1 cxd4 10. exd4 Nd7 11. Bd3 Bd6 12. 0-0 0-0 13. Qc2 g6 14. Rbd1 Qc7 15. h4 Rfc8 16. a3 Be7 17. Bxe7 Nxe7 18. Rfe1 Nf6 19. Qd2 Nc6 20. Ne5 Qe7 21. Qf4 Nh5 22. Qh2 Qc7 23. Be2 Ng7 24. h5 Nf5 25. hxg6 hxg6 26. Bd3 Kg7 27. Bxf5 exf5 28. Qf4 Na5 29. Rd3 Qb6 30. Rg3 Qe6 31. Ree3 Qf6 32. Nd7 Qd8 33. Qe5+ f6 34. Qxf5 1-0

[Event "Ho Chi Minh City HD Bank op 7th"]
[Site "Ho Chi Minh City"]
[Date "2017.03.14"]
[Round "5"]
[White "Kavinda, Akila"]
[Black "Torre, Eugenio"]
[Result "1/2-1/2"]
[WhiteElo "2084"]
[BlackElo "2481"]
[PlyCount "70"]
[EventDate "2017.03.12"]
[EventType "swiss"]
[EventRounds "9"]
[EventCountry "VIE"]
[SourceTitle "CBM 177 Extra"]
[Source "ChessBase"]
[SourceDate "2017.04.27"]
[SourceVersion "1"]
[SourceVersionDate "2017.04.27"]
[SourceQuality "1"]

1. Nf3 d6 2. d4 Bg4 3. Nbd2 Nf6 4. g3 Nbd7 5. Bg2 c5 6. h3 Bh5 7. 0-0 e6 8. a4 d5 9. a5 a6 10. c4 Be7 11. cxd5 Nxd5 12. e4 Nb4 13. d5 exd5 14. exd5 0-0 15. Nc4 Bg6 16. Ra3 Be4 17. d6 Bf6 18. Re1 Bd5 19. Nfd2 Bxg2 20. Kxg2 b5 21. axb6 Nxb6 22. Ra5 Nd3 23. Re3 Nxc1 24. Qxc1 Bg5 25. f4 Bf6 26. Nxb6 Qxb6 27. Nc4 Qc6+ 28. Kh2 Bd4 29. Rea3 Rfe8 30. Qf1 Qd7 31. Nb6 Qf5 32. Qg2 Qb1 33. Ra1 Qd3 34. R1a3 Qd1 35. Ra1 Qd3 1/2-1/2